Catalog

Record Details

Catalog Search



Available copies

  • 1 of 1 copy available at LARL/NWRL Consortium. (Show)
  • 1 of 1 copy available at Northwest Regional Library.

Current holds

0 current holds with 1 total copy.

Show Only Available Copies
Location Call Number / Copy Notes Barcode Shelving Location Status Due Date
Greenbush Public Library j 332.4 CRI (Text) 35500003685367 Main Available -

Record details

  • ISBN: 0756613892 (trade bdg.)
  • ISBN: 0756613981
  • Physical Description: 72 p. : col. ill., map ; 29 cm.
  • Edition: Revised ed.
  • Publisher: New York : DK, c2005.

Content descriptions

General Note:
Includes index.
Summary, etc.:
Examines, in text and photographs, the symbolic ... Read More
Subject: Money > Juvenile literature.
LDR 01117nam a2200277Ia 4500
00163420
003LARL_NWRL_CONSORTIUM
00520050929080928.0
008050913s2005 nyuab j 001 0 eng d
020 . ‡a0756613892 (trade bdg.)
020 . ‡a0756613981
0243 . ‡a9780756613891
08204. ‡a332.4 ‡222
1001 . ‡aCribb, Joe. ‡0(LARL_NWRL_CONSORTIUM)93524
24510. ‡aMoney / ‡cwritten by Joe Cribb.
250 . ‡aRevised ed.
260 . ‡aNew York : ‡bDK, ‡cc2005.
300 . ‡a72 p. : ‡bcol. ill., map ; ‡c29 cm.
4900 . ‡aDK eyewitness books
520 . ‡aExamines, in text and photographs, the symbolic and material meaning of money, from shekels, shells, and beads to gold, silver, checks, and credit cards. Also discusses how coins and banknotes are made, the value of money during wartime, and how to collect coins.
500 . ‡aIncludes index.
650 0. ‡aMoney ‡vJuvenile literature. ‡0(LARL_NWRL_CONSORTIUM)166247
7001 . ‡aHowson, Chas.
901 . ‡a63420 ‡bISxN ‡c63420 ‡tbiblio

Additional Resources